SAT Words Click Quiz - F - Statistics

General Stats
  • This quiz has been taken 1,006 times
  • The average score is 11 of 15
Answer Stats
Hint Answer % Correct
An artificial outward appearance Facade
90%
Failure or debacle Fiasco
89%
Understand Fathom
86%
Delicate worksmanship Finesse
81%
Meticulous Fastidious
80%
Ridiculous Farcical
75%
Passionate Fervid
75%
Confuse Flummox
71%
Leniency or patience Forbearance
71%
Stun or disconcert Faze
69%
Grow feathers Fledge
68%
Disobey or mock Flout
66%
Incite Foment
66%
Fertile Fecund
64%
Apt or appropriate Felicitous
56%
No matching quizzes found
Score Distribution
Percent of People with Each Score
Percentile by Number Answered
Your Score History
You have not taken this quiz